000 00586nam a22001577a 4500
008 160602b xxu||||| |||| 00| 0 eng d
082 _22012
_aUT 0336
_bC11
100 _99802
_aCabila, Kristofer Aian D.
245 _aStudents' perception towards homework completion/
_cKristofer Aian D. Cabila, Quindeliza B. Liwanan and Jemima C. Decrepito.
260 _aDigos City:
_bUMDC
_cMarch 2012.
300 _a41 pages;
_c28 cm.
650 0 _99801
_aEducation
_vEnglish
_xUndergraduate thesis.
700 _99799
_aLinawan, Quindeliza B.
700 _99800
_aDecrepito, Jimima C.
942 _2ddc
_cUT
999 _c2943
_d2943